| 000 | 00827nam a2200241Ia 4500 | ||
|---|---|---|---|
| 003 | CO-ViMGA | ||
| 008 | 180103s9999 xx 000 0 und d | ||
| 020 | _a9789586654623 | ||
| 040 |
_aCO-ViMGA _bspa _cCO-ViMGA |
||
| 090 |
_aN _b CAR52 |
||
| 100 | 1 |
_aCárdenas, Juan Sebastián, _d1978- _912309 |
|
| 245 | 1 | 0 |
_aLos estratos _cJuan Cárdenas |
| 250 | _aEdición especial | ||
| 260 |
_aBogotá: _bSiglo del Hombre; _c2017 |
||
| 300 |
_a202 páginas; _b21 cm |
||
| 490 | _a(Plan Nacional de Lectura y Escritura Leer es mi Cuento / Ministerio de Cultura) | ||
| 500 | _aIncluye datos biográficos del autor | ||
| 650 | 1 | 4 |
_aClases sociales en la literatura _912310 |
| 650 | 1 | 4 |
_aLiteratura colombiana-Siglo xx _911996 |
| 650 | 1 | 4 |
_aNovela colombiana-Siglo xx _912003 |
| 650 | 1 | 4 |
_aVida cotidiana en la literatura _98345 |
| 942 |
_2ddc _cBK |
||
| 999 |
_c8504 _d8504 |
||